[Event "GER-chT U14"]
[Site "Magdeburg"]
[Date "2018.12.30"]
[Round "7.2"]
[White "Bornholdt, Joa Max"]
[Black "Straub, Benno"]
[Result "1/2-1/2"]
[WhiteElo "1649"]
[BlackElo "1560"]
[PlyCount "95"]
[EventDate "2018.12.27"]
[EventType "team-swiss"]
[EventRounds "7"]
[EventCountry "GER"]
[SourceTitle "CBM 188 Extra"]
[Source "ChessBase"]
[SourceDate "2019.02.26"]
[SourceVersion "1"]
[SourceVersionDate "2019.02.26"]
[SourceQuality "1"]
[WhiteTeam "Luebeck"]
[BlackTeam "Freiburg Zaehringen"]
[WhiteTeamCountry "GER"]
[BlackTeamCountry "GER"]

1. d4 d5 2. c4 c6 3. Nf3 Nf6 4. Bf4 Bf5 5. Qb3 Qb6 6. Qxb6 axb6 7. e3 e6 8. h3 Bb4+ 9. Nbd2 Nbd7 10. Be2 h6 11. 0-0 0-0 12. a3 Be7 13. cxd5 exd5 14. Ne5 Rfe8 15. Ndf3 Ne4 16. Nxd7 Bxd7 17. g4 f6 18. Rfd1 Bd6 19. Bxd6 Nxd6 20. Kg2 Ne4 21. Nd2 Kf7 22. Bd3 Nxd2 23. Rxd2 Re7 24. Rc1 g6 25. Kh2 Rh8 26. Rg1 g5 27. Rdd1 h5 28. Kg3 h4+ 29. Kf3 Rhe8 30. Rc1 Ra8 31. Rc3 Ke6 32. Rgc1 Kd6 33. b4 b5 34. R3c2 Rxa3 35. Rc3 Ra4 36. Rb1 Re8 37. Bc2 Ra2 38. Bb3 Ra3 39. Rc2 Rea8 40. Rcc1 f5 41. Rg1 fxg4+ 42. hxg4 Rf8+ 43. Ke2 h3 44. f3 Rh8 45. Rh1 Raa8 46. Kf2 Rh4 47. Kg3 Rf8 48. Bd1 1/2-1/2

[Event "GER-ch U10"]
[Site "Willingen"]
[Date "2015.05.24"]
[Round "2"]
[White "Straub, Benno"]
[Black "Liu, Sijia Anna"]
[Result "1/2-1/2"]
[WhiteElo "1022"]
[BlackElo "1147"]
[PlyCount "90"]
[EventDate "2015.05.24"]
[EventType "swiss"]
[EventRounds "11"]
[EventCountry "GER"]
[SourceTitle "CBM 166 Extra"]
[Source "ChessBase"]
[SourceDate "2015.06.18"]
[SourceVersion "1"]
[SourceVersionDate "2015.06.18"]
[SourceQuality "1"]

1. e4 c5 2. c3 d5 3. exd5 Qxd5 4. d4 Nc6 5. Nf3 Nf6 6. h3 e6 7. Be3 b6 8. Qa4 Bb7 9. Bc4 Qd6 10. Na3 a6 11. dxc5 bxc5 12. 0-0 Be7 13. Rad1 Qc7 14. g3 0-0 15. Bf4 Qb6 16. Bb3 Rad8 17. Nc4 Qa7 18. Bc2 Nh5 19. Be3 Qb8 20. g4 Nf4 21. Nce5 Nxe5 22. Nxe5 Qxe5 23. Qxf4 Qxf4 24. Bxf4 Bf3 25. Rd3 Be2 26. Rxd8 Rxd8 27. Re1 Bf3 28. Re3 Rd2 29. Bb3 Bc6 30. Re1 Rxb2 31. Bc1 Rb1 32. Kf1 Bf6 33. Bd2 Rxe1+ 34. Kxe1 Bg2 35. g5 Be5 36. h4 Kf8 37. Ke2 Ke7 38. Ke3 Kd6 39. f4 Bd5 40. fxe5+ Kxe5 41. Bxd5 Kxd5 42. Kd3 f6 43. Be3 f5 44. c4+ Kd6 45. a4 e5 1/2-1/2